书目信息 |
| 题名: |
幕后
|
|
| 作者: | 冯惠玲 著 | |
| 分册: | ||
| 出版信息: | 广州 花城出版社 2002.05 |
|
| 页数: | 317页 | |
| 开本: | 21cm | |
| 丛书名: | 反腐反贪系列长篇佳作 | |
| 单 册: | ||
| 中图分类: | I247.5 | |
| 科图分类: | ||
| 主题词: | 长篇小说--中国--当代 | |
| 电子资源: | ||
| ISBN: | 7-5360-3778-3 | |
| 000 | 00824nam 22002412 4500 | |
| 001 | 192004001585 | |
| 005 | 20070913095021.93 | |
| 010 | @a7-5360-3778-3@dCNY16.00 | |
| 100 | @a20070531d2002 ekmy0chiy0121 ea | |
| 101 | 0 | @achi |
| 102 | @aCN@b440000 | |
| 105 | @ay z 000ay | |
| 200 | 1 | @a幕后@Amu hou@f冯惠玲著 |
| 210 | @a广州@c花城出版社@d2002.05 | |
| 215 | @a317页@d21cm | |
| 225 | 2 | @a反腐反贪系列长篇佳作@Afan fu fan tan xi lie zhang pian jia zuo |
| 330 | @a本书针对目前社会上的不正之风,力图揭示腐败现象中人性贪婪的丑恶,展示了人物内心私欲与正义感之间的冲突。同时描述了公安干警的机智勇敢。故事情节紧凑,案情扑朔迷离... | |
| 410 | 0 | @12001 @a反腐反贪系列长篇佳作 |
| 606 | 0 | @a长篇小说@y中国@z当代 |
| 690 | @aI247.5@v4 | |
| 701 | 0 | @a冯惠玲@Afeng hui ling@4著 |
| 801 | 2 | @aCN@c20070913 |
| 905 | @dI247.5@eF463 | |
| 幕后/冯惠玲著.-广州:花城出版社,2002.05 |
| 317页;21cm.-(反腐反贪系列长篇佳作) |
| ISBN 7-5360-3778-3:CNY16.00 |
| 本书针对目前社会上的不正之风,力图揭示腐败现象中人性贪婪的丑恶,展示了人物内心私欲与正义感之间的冲突。同时描述了公安干警的机智勇敢。故事情节紧凑,案情扑朔迷离... |
| ● |
| 相关链接 |
|
|
|
正题名:幕后
索取号:I247.5/F463
 
预约/预借
| 序号 | 登录号 | 条形码 | 馆藏地/架位号 | 状态 | 备注 |
| 1 | 622584 | 206225841 | 文学库108/108文学库 27排8列5层/ [索取号:I247.5/F463] | 在馆 | |
| 2 | 622585 | 206225850 | 社科二线400B/400B社科库 15排2列3层/ [索取号:I247.5/F463] | 在馆 | |
| 3 | 622586 | 206225869 | 文学库108/108文学库 27排8列5层/ [索取号:I247.5/F463] | 在馆 |